Capitals of the Stan Countries - Sudden Death - Statistics

General Stats
  • This quiz has been taken 87 times
  • The average score is 5 of 7
Answers on the Grid
Answers color-coded by a green-red scale on the quiz's grid according to % correct below.
Kabul
Astana
Bishkek
Islamabad
Dushanbe
Ashgabat
Tashkent
Almaty
Samarkand
Osh
Ulan-Ude
Kandahar
Peshawar
Baku
 
Answer Stats
Answer % Correct
Kabul
86%
Tashkent
86%
Bishkek
79%
Ashgabat
71%
Astana
71%
Islamabad
64%
Dushanbe
57%
No matching quizzes found
Score Distribution
Percent of People with Each Score
Percentile by Number Answered
Your Score History
You have not taken this quiz